00538nam a22001577a 450000500170000001000150001702000260003203500140005803700130007208200130008510000160009824501400011426000500025427000550030430000210035920180426102117.0 aENG-122669 a9789386582300c350.00 aEN-106201 bDBAD/PUB a915.4504 aYadav, Anil aIs that even a country, sir!:cby Anil Yadav [and] translated by Anurag Basnetbjourneys in northeast india by train, bus and tractor / aNew Delhi bSpeaking Tiger Publicationsc2016 a4381/4, Ansari Road, Daryaganj,bNew Delhie110002 a247p.c21cm(pbk)